Diary of a wimpy kid : (Record no. 31394)

MARC details
000 -LEADER
fixed length control field 08283cam a2201105Ii 4500
001 - CONTROL NUMBER
control field 539799
003 - CONTROL NUMBER IDENTIFIER
control field OSt
005 - DATE AND TIME OF LATEST TRANSACTION
control field 20260108083542.0
008 - FIXED-LENGTH DATA ELEMENTS--GENERAL INFORMATION
fixed length control field 130914s2013 nyua c 000 1 eng
010 ## - LIBRARY OF CONGRESS CONTROL NUMBER
LC control number 2013033173
020 ## - INTERNATIONAL STANDARD BOOK NUMBER
International Standard Book Number 9781419711329 (hardback)
020 ## - INTERNATIONAL STANDARD BOOK NUMBER
International Standard Book Number 9780606320627 (hardback)
020 ## - INTERNATIONAL STANDARD BOOK NUMBER
International Standard Book Number 9781419741944 (hardback)
035 ## - SYSTEM CONTROL NUMBER
System control number (OCoLC)855539264
040 ## - CATALOGING SOURCE
Original cataloging agency DLC
Language of cataloging eng
Description conventions rda
Transcribing agency DLC
Modifying agency UPZ
-- WZ8
-- OCLCO
-- IEB
-- FOLLT
-- IFA
-- UtOrBLW
049 ## - LOCAL HOLDINGS (OCLC)
Holding library IFAA
099 ## - LOCAL FREE-TEXT CALL NUMBER (OCLC)
Filing suffix 2013
999 ## - SYSTEM CONTROL NUMBERS (KOHA)
Koha Dewey Subclass [OBSOLETE] CHILDREN FICTION KINNEY 2013
100 1# - MAIN ENTRY--PERSONAL NAME
Personal name Kinney, Jeff,
Relator term author,
-- illustrator.
245 10 - TITLE STATEMENT
Title Diary of a wimpy kid :
Remainder of title hard luck /
Statement of responsibility, etc. by Jeff Kinney.
246 30 - VARYING FORM OF TITLE
Title proper/short title Hard luck
264 #1 - PRODUCTION, PUBLICATION, DISTRIBUTION, MANUFACTURE, AND COPYRIGHT NOTICE
Place of production, publication, distribution, manufacture New York :
Name of producer, publisher, distributor, manufacturer Amulet Books,
Date of production, publication, distribution, manufacture, or copyright notice 2013.
300 ## - PHYSICAL DESCRIPTION
Extent 217 pages :
Other physical details illustrations ;
Dimensions 22 cm.
336 ## - CONTENT TYPE
Content type term text
Content type code txt
Source rdacontent
336 ## - CONTENT TYPE
Content type term still image
Content type code sti
Source rdacontent
337 ## - MEDIA TYPE
Media type term unmediated
Media type code n
Source rdamedia
338 ## - CARRIER TYPE
Carrier type term volume
Carrier type code nc
Source rdacarrier
490 1# - SERIES STATEMENT
Series statement Diary of a wimpy kid ;
Volume/sequential designation book 8
520 ## - SUMMARY, ETC.
Summary, etc. "Greg Heffley's on a losing streak. His best friend, Rowley Jefferson, has ditched him, and finding new friends in middle school is proving to be a tough task. To change his fortunes, Greg decides to take a leap of faith and turn his decisions over to chance. Will a roll of the dice turn things around, or is Greg's life destined to be just another hard-luck story?"--
Assigning source Provided by publisher.
521 8# - TARGET AUDIENCE NOTE
Target audience note 1020L
Source Lexile
526 0# - STUDY PROGRAM INFORMATION NOTE
Program name Lexile
526 0# - STUDY PROGRAM INFORMATION NOTE
Program name Accelerated Reader
Interest level MG
Reading level 5.5
Title point value 3.0
Public note 162772
526 0# - STUDY PROGRAM INFORMATION NOTE
Program name Accelerated Reader AR
Interest level MG
Reading level 5.5
Title point value 3
Public note 162772.
600 10 - SUBJECT ADDED ENTRY--PERSONAL NAME
Personal name Heffley, Greg
Form subdivision Juvenile fiction.
650 #0 - SUBJECT ADDED ENTRY--TOPICAL TERM
Topical term or geographic name as entry element Friendship
Form subdivision Juvenile fiction.
650 #0 - SUBJECT ADDED ENTRY--TOPICAL TERM
Topical term or geographic name as entry element Fortune
Form subdivision Juvenile fiction.
650 #0 - SUBJECT ADDED ENTRY--TOPICAL TERM
Topical term or geographic name as entry element Middle schools
Form subdivision Juvenile fiction.
650 #0 - SUBJECT ADDED ENTRY--TOPICAL TERM
Topical term or geographic name as entry element Schools
Form subdivision Juvenile fiction.
650 #0 - SUBJECT ADDED ENTRY--TOPICAL TERM
Topical term or geographic name as entry element Diaries
Form subdivision Juvenile fiction.
800 1# - SERIES ADDED ENTRY--PERSONAL NAME
Personal name Kinney, Jeff.
Title of a work Diary of a wimpy kid (Series) ;
Volume/sequential designation book 8.
902 ## - LOCAL DATA ELEMENT B, LDB (RLIN)
a Backstage 11.10.25
942 ## - ADDED ENTRY ELEMENTS (KOHA)
Koha item type Libro/Book
Source of classification or shelving scheme Dewey Decimal Classification
Holdings
Withdrawn status Lost status Damaged status Not for loan Home library Current library Date acquired Total Checkouts Full call number Barcode Date last seen Price effective from Koha item type
        San Juan Del Sur -- Biblioteca San Juan Del Sur -- Biblioteca 08/01/2026   JFG 30029514 09/03/2026 08/01/2026 Libro/Book

Powered by Koha